UM Logo

Social purpose and schooling : (Record no. 7008)

MARC details
000 -LEADER
fixed length control field 00682nam a22001817a 4500
008 - FIXED-LENGTH DATA ELEMENTS--GENERAL INFORMATION
fixed length control field 170713b xxu||||| |||| 00| 0 eng d
020 ## - INTERNATIONAL STANDARD BOOK NUMBER
International Standard Book Number 1-85000-920-1
082 ## - DEWEY DECIMAL CLASSIFICATION NUMBER
Edition number 1991
Classification number DC 370.190941
Item number P19
100 ## - MAIN ENTRY--PERSONAL NAME
9 (RLIN) 21183
Personal name Paquette, Jerald E., 1946-
245 ## - TITLE STATEMENT
Title Social purpose and schooling :
Remainder of title alternatives, agendas, and issues /
Statement of responsibility, etc. Jerry Paquette
260 ## - PUBLICATION, DISTRIBUTION, ETC. (IMPRINT)
Place of publication, distribution, etc. London :
Name of publisher, distributor, etc. Falmer Press,
Date of publication, distribution, etc. c1991.
300 ## - PHYSICAL DESCRIPTION
Extent x, 196 pages :
Other physical details illustrations ;
Dimensions 25 cm.
500 ## - GENERAL NOTE
General note Includes bibliographical references and index.
650 #0 - SUBJECT ADDED ENTRY--TOPICAL TERM
9 (RLIN) 21184
Topical term or geographic name as entry element Education -- Social aspects -- Great Britain
650 #0 - SUBJECT ADDED ENTRY--TOPICAL TERM
9 (RLIN) 21185
Topical term or geographic name as entry element Education and state -- Great Britain
365 ## - TRADE PRICE
Price amount 1,127.00
Currency code Php
942 ## - ADDED ENTRY ELEMENTS (KOHA)
Source of classification or shelving scheme Dewey Decimal Classification
Koha item type Circulation
Holdings
Withdrawn status Lost status Source of classification or shelving scheme Damaged status Not for loan Collection code Home library Current library Date acquired Source of acquisition Cost, normal purchase price Total Checkouts Full call number Barcode Date last seen Copy number Price effective from Koha item type
    Dewey Decimal Classification     Circulation UM Digos College - LIC UM Digos College - LIC   Purchased 1127.00   DC 370.190941 P19 1991 121158 05/15/2025 1 07/13/2017 Circulation